| 000 | 00870nam a2200265 a 4500 | ||
|---|---|---|---|
| 001 | 69113 | ||
| 003 | BD-RJUL | ||
| 005 | 20211209081842.0 | ||
| 008 | 170410s1975 enka 001 0 eng d | ||
| 020 | _a0444103503 | ||
| 035 | _a(BD-RjUL)69324 | ||
| 040 |
_aWSU _cWSU _dBD-RJUL _beng |
||
| 041 | _aeng | ||
| 082 |
_223 _a572.57 _bKAT 1975 |
||
| 090 |
_aQP751 _b.K3 |
||
| 100 | 1 |
_aKates, Morris _9204745 |
|
| 245 | 1 | 0 |
_aTechniques of lipidology : _bisolation analysis and identification of lipids / _cMorris Kates |
| 260 |
_aNew York : _bAmerican Elsevier, _cc1972 [Printing 1775] |
||
| 300 |
_a582 p. : _bill. ; _c22 cm. |
||
| 490 | 1 | _aLaboratory techniques in biochemistry and molecular biology | |
| 500 | _aIncludes Index. | ||
| 650 | 0 |
_aLipids _xAnalysis _9204746 |
|
| 830 | 0 |
_aLaboratory techniques in biochemistry and molecular biology _9218813 |
|
| 942 |
_2ddc _cBK |
||
| 999 |
_c69113 _d69113 |
||